| 000 | 01320nam a22002657a 4500 | ||
|---|---|---|---|
| 001 | 8238 | ||
| 003 | FISKH | ||
| 005 | 20250904123031.0 | ||
| 008 | 250904b cb ||||| |||| 00| 0 eng d | ||
| 020 | _a9780194643856 | ||
| 040 |
_aFISKH _beng _cFISKH _dFISKH |
||
| 082 | _a428.6 | ||
| 100 | _aQuinn, Robert | ||
| 245 |
_aAnimals in the air / _cBy Robert Quinn |
||
| 250 | _aFirst published 2011 | ||
| 260 |
_aOxford : _bOxford University Press , _c2011. |
||
| 300 |
_a48 pages : _bcolor illustrations ; _c21 cm . |
||
| 490 |
_aOxford Read and Discover _vLevel 3 |
||
| 505 | _aK | ||
| 520 | _aThis exciting new series of non-fiction readers provides interesting and educational content, with activities and project work. The readers are graded at four levels, from 3 to 6, suitable for students from age 8 and older. They can support Content and Language Integrated Learning (CLIL), and cover a broad range of topics, within three curriculum areas: The World of Science and Technology The Natural World The World of Arts and Social Studies Also available for each reader: Activity Book Audio CD Pack (Reader and Audio CD) Teacher's Notes and CLIL guidance at www.oup.com/elt/readanddiscover | ||
| 521 | 8 |
_a510
_bLexile estimate |
|
| 521 | 8 |
_aK
_bRaz-Plus |
|
| 942 |
_2ddc _cBK _n0 |
||
| 999 |
_c8238 _d8238 |
||